| 000 | 00588cam a22002053a 4500 | ||
|---|---|---|---|
| 001 | 41845 | ||
| 003 | PGUSA | ||
| 005 | 20140828083938.0 | ||
| 008 | 130114s2013||||xxu|||||s|||||000 | eng d | ||
| 040 |
_aPGUSA _beng |
||
| 042 | _adc | ||
| 100 | 1 |
_aRamamohan Rao, Mahidhara, _d1909-2000 |
|
| 245 | 1 | 0 |
_aఓనమాలు _h[electronic resource] / _cMahidhara Ramamohan Rao |
| 260 |
_bProject Gutenberg, _c2013 |
||
| 506 | _aPublic domain in the USA. | ||
| 516 | _aElectronic text | ||
| 830 | 0 |
_aProject Gutenberg _v41845 |
|
| 856 | 4 | 0 | _uhttp://www.gutenberg.org/ebooks/41845 |
| 942 | _cEB | ||
| 999 |
_c271097 _d271097 |
||